Seminario taller de pastoral universitaria: memorias

Đã lưu trong:
Chi tiết về thư mục
Nhiều tác giả của công ty: Consejo Episcopal Latinoamericano (Tác giả), CELAM (Tác giả)
Định dạng: Sách
Ngôn ngữ:Tiếng Tây Ban Nha
Được phát hành: Guadalajara Departamento de Educación 1993
Những chủ đề:
Các nhãn: Thêm thẻ
Không có thẻ, Là người đầu tiên thẻ bản ghi này!

MARC

LEADER 00000nam a2200000 a 4500
001 UCP7113
003 CL-VaPUC
008 991203e19930000MX |||||||||||||||||spa|d
082 0 4 |a 253  |b CON  |2 21 
110 2 |a Consejo Episcopal Latinoamericano  |e author  |9 436495 
710 2 |a CELAM  |e author  |9 436496 
245 1 0 |a Seminario taller de pastoral universitaria: memorias 
300 |a 226 p 
942 |c BK 
945 |d 19991203 00:00:00  |a rbrito 
260 |a Guadalajara  |b Departamento de Educación  |c 1993 
650 7 |a PASTORAL UNIVERSITARIA  |2 CL-VaPUC  |9 436497 
650 0 |a Educación superior   |9 223851 
650 0 |a Congresos  |9 257560 
583 |a last modification  |c 19991203 00:00:00  |k Rodrigo Vera 
999 |c 284433  |d 284431 
952 |0 0  |1 0  |4 0  |6 253_000000000000000_CON_1993  |7 0  |8 A  |9 328461  |a BIBTEO  |b BIBTEO  |d 2019-11-20  |i 3578887  |o 253 CON 1993  |p 3578887  |r 2025-01-17  |w 2019-11-20  |y BK  |k ICR